00404 2200145 4500001002100000008004100021035002000062245006900082260003000151300003100181084001600212082001000228650000800238990001200246INLIS000000000002011 ind  a0010-1124000292 aKumpulan Peraturan Kepegawaian 1999bTeori dan PraktikcEko Jaya aJakarta :bEko Jayac1999 axiv, 568 halaman :c21 cm. a351.1 EKO k a351.1 aLaw a0002517